[Event "Ruhrgebiet Verbandsliga2 1112"]
[Site "Nordrheinwestfalen"]
[Date "2012.03.25"]
[Round "8.1"]
[White "Martin, Andreas"]
[Black "Kemna, Martin"]
[Result "1-0"]
[WhiteElo "2190"]
[BlackElo "1946"]
[PlyCount "59"]
[EventDate "2011.09.18"]
[EventType "team-tourn"]
[EventRounds "9"]
[EventCountry "GER"]
[SourceTitle "EXT 2020"]
[Source "ChessBase"]
[SourceDate "2019.10.17"]
[SourceVersion "1"]
[SourceVersionDate "2019.10.17"]
[SourceQuality "1"]
[WhiteTeam "Muelheim SC"]
[BlackTeam "Dortmund Hansa IV"]
[WhiteTeamCountry "GER"]
[BlackTeamCountry "GER"]

1. d4 Nf6 2. Nf3 e6 3. c4 b6 4. a3 Bb7 5. Nc3 d5 6. cxd5 Nxd5 7. e3 Nd7 8. Bd3 Be7 9. e4 Nxc3 10. bxc3 c5 11. 0-0 0-0 12. Qe2 cxd4 13. cxd4 Nb8 14. Rd1 Nc6 15. Bb2 Re8 16. Rac1 a6 17. Bb1 Bf6 18. Qd3 Ne7 19. d5 exd5 20. exd5 Ng6 21. h4 Be7 22. h5 Nf8 23. h6 Bf6 24. Bxf6 Qxf6 25. hxg7 Qxg7 26. Rc7 Rab8 27. Nh4 Ng6 28. Nf5 Qe5 29. Nh6+ Kg7 30. Rxf7+ 1-0

[Event "Ruhrgebiet Verbandsliga2 1112"]
[Site "Nordrheinwestfalen"]
[Date "2011.11.13"]
[Round "3.1"]
[White "Hassenrueck, Helmut"]
[Black "Martin, Andreas"]
[Result "0-1"]
[WhiteElo "2149"]
[BlackElo "2190"]
[PlyCount "94"]
[EventDate "2011.09.18"]
[EventType "team-tourn"]
[EventRounds "9"]
[EventCountry "GER"]
[SourceTitle "EXT 2020"]
[Source "ChessBase"]
[SourceDate "2019.10.17"]
[SourceVersion "1"]
[SourceVersionDate "2019.10.17"]
[SourceQuality "1"]
[WhiteTeam "Gladbeck SG"]
[BlackTeam "Muelheim SC"]
[WhiteTeamCountry "GER"]
[BlackTeamCountry "GER"]

1. d4 Nf6 2. Nf3 g6 3. c4 Bg7 4. Nc3 d6 5. e4 0-0 6. Be2 c5 7. 0-0 Bg4 8. d5 e6 9. h3 Bxf3 10. Bxf3 exd5 11. exd5 Nfd7 12. Bf4 Ne5 13. Be2 Na6 14. Qd2 Nc7 15. Rae1 a6 16. a4 Rb8 17. Bh6 f5 18. Bxg7 Kxg7 19. f4 Nd7 20. Kh2 Qf6 21. g4 Rfe8 22. gxf5 gxf5 23. Bd3 Kh8 24. Ne2 b5 25. axb5 axb5 26. b3 bxc4 27. Bxc4 Nb6 28. Nc3 Rxe1 29. Rxe1 Nxc4 30. bxc4 Rb3 31. Rc1 Qd4 32. Qxd4+ cxd4 33. Nd1 Na6 34. Ra1 Nc5 35. Ra8+ Kg7 36. Rd8 Ne4 37. Rd7+ Kf6 38. Rxh7 Rb1 39. c5 Rxd1 40. Rh6+ Kg7 41. cxd6 Ra1 42. Re6 Ra7 43. Kg2 Rd7 44. Re7+ Rxe7 45. dxe7 Kf7 46. h4 Kxe7 47. h5 Kd6 0-1

[Event "Ruhrgebiet Verbandsliga2 1112"]
[Site "Nordrheinwestfalen"]
[Date "2011.10.09"]
[Round "2.1"]
[White "Martin, Andreas"]
[Black "Gohla, Ulf"]
[Result "0-1"]
[WhiteElo "2190"]
[BlackElo "2199"]
[PlyCount "132"]
[EventDate "2011.09.18"]
[EventType "team-tourn"]
[EventRounds "9"]
[EventCountry "GER"]
[SourceTitle "EXT 2020"]
[Source "ChessBase"]
[SourceDate "2019.10.17"]
[SourceVersion "1"]
[SourceVersionDate "2019.10.17"]
[SourceQuality "1"]
[WhiteTeam "Muelheim SC"]
[BlackTeam "Wattenscheid SV IV"]
[WhiteTeamCountry "GER"]
[BlackTeamCountry "GER"]

1. d4 d5 2. c4 c6 3. Nf3 Nf6 4. Nc3 a6 5. Qb3 dxc4 6. Qxc4 e6 7. g3 b5 8. Qb3 Bb7 9. Bg2 Nbd7 10. Be3 c5 11. 0-0 c4 12. Qd1 Be7 13. a3 0-0 14. Qc2 Nd5 15. Bd2 N7f6 16. Ne4 Qb6 17. Neg5 h6 18. e4 hxg5 19. Nxg5 Qxd4 20. exd5 Bxd5 21. Rad1 Bxg2 22. Kxg2 Qd3 23. Qc1 Nd5 24. Bb4 Bxg5 25. Qxg5 Qe4+ 26. Kg1 Nxb4 27. axb4 Qf5 28. Qxf5 exf5 29. Rd5 Rfd8 30. Rfd1 Rxd5 31. Rxd5 g6 32. Kf1 Kg7 33. Ke2 Re8+ 34. Kd2 Re6 35. f4 Kf8 36. Rd7 Ke8 37. Ra7 Rd6+ 38. Kc2 Kf8 39. Rb7 Kg7 40. Ra7 Kf6 41. Ra8 Ke6 42. Rf8 f6 43. Rg8 Kf7 44. Rc8 g5 45. Rc5 Kg6 46. Kc1 gxf4 47. gxf4 Kh5 48. h3 Kh4 49. Rxf5 Kxh3 50. Rc5 Kg4 51. f5 Kf4 52. Kc2 Ke4 53. b3 cxb3+ 54. Kxb3 Rd3+ 55. Kc2 Rd5 56. Rc6 Kxf5 57. Rxa6 Ke5 58. Rc6 f5 59. Rc8 f4 60. Re8+ Kd4 61. Rc8 Ke3 62. Rc5 Ke4 63. Rc8 f3 64. Re8+ Kf4 65. Rf8+ Rf5 66. Rh8 f2 0-1

[Event "Ruhrgebiet Verbandsliga1 1011"]
[Site "Nordrheinwestfalen"]
[Date "2011.03.20"]
[Round "8.1"]
[White "Martin, Andreas"]
[Black "Schulz, Hartmut"]
[Result "1-0"]
[WhiteElo "2190"]
[BlackElo "2046"]
[PlyCount "121"]
[EventDate "2011.09.12"]
[EventType "team-tourn"]
[EventRounds "9"]
[EventCountry "GER"]
[SourceTitle "EXT 2020"]
[Source "ChessBase"]
[SourceDate "2019.10.17"]
[SourceVersion "1"]
[SourceVersionDate "2019.10.17"]
[SourceQuality "1"]
[WhiteTeam "Muelheim SC"]
[BlackTeam "Doppelbauer Brambauer"]
[WhiteTeamCountry "GER"]
[BlackTeamCountry "GER"]

1. c4 e6 2. Nf3 d5 3. g3 f5 4. Bg2 Nf6 5. b3 c6 6. 0-0 Be7 7. Bb2 0-0 8. d3 Qe8 9. Nbd2 Nbd7 10. Qc2 c5 11. cxd5 Nxd5 12. e4 Nb4 13. Qb1 Bf6 14. e5 Be7 15. Nc4 Nb6 16. Nxb6 axb6 17. d4 Bd7 18. a3 Nd5 19. Nd2 Bc6 20. Nc4 Rd8 21. dxc5 bxc5 22. a4 Qh5 23. Na5 f4 24. Nxc6 bxc6 25. Rd1 fxg3 26. hxg3 Qe2 27. Rf1 Nb4 28. Bc3 Nd5 29. Ra2 Qh5 30. Qc2 Ra8 31. Raa1 Qg4 32. Rfe1 Qh5 33. Re4 Qf5 34. Be1 Ra7 35. Qd1 Re8 36. Bf3 Rf8 37. Kg2 Rd7 38. Qe2 Rb7 39. Bg4 Qg6 40. Bh5 Qh6 41. Bd2 g5 42. Rh1 Qg7 43. Qg4 Rf5 44. Qe2 Rxb3 45. Bg4 Rb2 46. Bxf5 exf5 47. Rc4 Qf7 48. Rcc1 f4 49. Rhd1 h5 50. Qe4 Qe6 51. Rb1 Ra2 52. Ra1 Rb2 53. a5 Rb3 54. Rdb1 Nc3 55. Bxc3 Rxc3 56. a6 Rc4 57. Qe2 Rc3 58. Qxh5 fxg3 59. Rb8+ Bf8 60. Qxg5+ Kf7 61. Rxf8+ 1-0

[Event "Ruhrgebiet Verbandsliga1 1011"]
[Site "Nordrheinwestfalen"]
[Date "2010.12.05"]
[Round "4.1"]
[White "Stohl, Igor"]
[Black "Martin, Andreas"]
[Result "1-0"]
[WhiteElo "2474"]
[BlackElo "2190"]
[PlyCount "127"]
[EventDate "2011.09.12"]
[EventType "team-tourn"]
[EventRounds "9"]
[EventCountry "GER"]
[SourceTitle "EXT 2020"]
[Source "ChessBase"]
[SourceDate "2019.10.17"]
[SourceVersion "1"]
[SourceVersionDate "2019.10.17"]
[SourceQuality "1"]
[WhiteTeam "Hattingen"]
[BlackTeam "Muelheim SC"]
[WhiteTeamCountry "GER"]
[BlackTeamCountry "GER"]

1. c4 Nf6 2. d4 g6 3. g3 Bg7 4. Bg2 d6 5. Nf3 0-0 6. 0-0 Nc6 7. Nc3 Bf5 8. d5 Na5 9. Nd2 c5 10. e4 Bg4 11. Qc2 e5 12. b3 Qd7 13. Bb2 b6 14. Rae1 Bh3 15. Ne2 Bxg2 16. Kxg2 Ng4 17. h3 Nh6 18. f4 f5 19. fxe5 dxe5 20. Nc1 Rae8 21. Nd3 Nb7 22. exf5 Rxf5 23. Rxf5 Qxf5 24. Ne4 Rf8 25. Qe2 Nf7 26. Rf1 Qc8 27. h4 Qd8 28. h5 Nbd6 29. hxg6 hxg6 30. Qg4 Nxe4 31. Qxe4 Qd6 32. Bc1 Re8 33. Nf4 Ng5 34. Qxg6 Qxg6 35. Nxg6 Ne4 36. Re1 Nd6 37. Nh4 b5 38. cxb5 Nxb5 39. Be3 Bf8 40. Rc1 Nd4 41. Nf3 Rd8 42. Nxe5 Rxd5 43. Bxd4 cxd4 44. Nd3 Rd7 45. Rc8 Kg7 46. Rc4 Be7 47. Kf3 Bf6 48. Ra4 Kg8 49. Ke4 Re7+ 50. Kd5 Re3 51. Kc4 Re7 52. Ra6 Bg7 53. b4 Rc7+ 54. Kd5 Rc3 55. Ke4 Rc7 56. b5 Kf8 57. a4 Ke8 58. Nf4 Rb7 59. a5 Bf8 60. Nd3 Kd8 61. Ne5 Re7 62. Rxa7 Rxe5+ 63. Kxe5 d3 64. Ke6 1-0

[Event "Ruhrgebiet VL1 0708"]
[Site "Germany"]
[Date "2008.04.27"]
[Round "9.1"]
[White "Aulich, Marcell"]
[Black "Martin, Andreas"]
[Result "1/2-1/2"]
[WhiteElo "1963"]
[BlackElo "2244"]
[PlyCount "145"]
[EventDate "2007.09.02"]
[EventType "team-tourn"]
[EventRounds "9"]
[EventCountry "GER"]
[SourceTitle "EXT 2009"]
[Source "ChessBase"]
[SourceDate "2008.11.26"]
[SourceVersion "1"]
[SourceVersionDate "2008.11.26"]
[SourceQuality "1"]
[WhiteTeam "Dortmund Brackel II"]
[BlackTeam "Heissen Stadtgr"]
[WhiteTeamCountry "GER"]
[BlackTeamCountry "GER"]

1. e4 Nf6 2. e5 Nd5 3. c4 Nb6 4. c5 Nd5 5. Bc4 e6 6. d4 d6 7. cxd6 cxd6 8. Nf3 Nc6 9. 0-0 Be7 10. Qe2 0-0 11. Nc3 Nxc3 12. bxc3 dxe5 13. dxe5 Qc7 14. Qe4 b6 15. Bd3 g6 16. Bh6 Rd8 17. Rad1 Bb7 18. Qf4 Rd7 19. Bb1 Rad8 20. Rxd7 Rxd7 21. h4 Nd8 22. Ng5 Rd5 23. Nf3 Ba6 24. Rc1 Qc4 25. Nd4 Qc7 26. Nf3 Rc5 27. h5 Nc6 28. hxg6 hxg6 29. Re1 Rxc3 30. Qg3 Bd3 31. Nh2 Nxe5 32. Bd2 Ra3 33. Bc1 Qc3 34. Qxe5 Qxe5 35. Rxe5 Bxb1 36. Bxa3 Bxa3 37. Re1 Bc2 38. Nf3 Bc5 39. Rc1 Be4 40. Nd2 Bd5 41. Nb3 Bd6 42. Nd4 Bxa2 43. Ra1 Bc4 44. Rxa7 Kg7 45. Rd7 Bc5 46. Nf3 Kf6 47. Rc7 Bd5 48. Ne1 e5 49. Nd3 Bd6 50. Ra7 e4 51. Nb2 Ke5 52. Na4 Bb8 53. Re7+ Kd6 54. Nxb6 Kxe7 55. Nxd5+ Ke6 56. Nc3 Ke5 57. Ne2 f5 58. Kf1 Bc7 59. Ng1 g5 60. Ke2 g4 61. Kf1 Kd4 62. Ne2+ Kd3 63. Nc1+ Kc2 64. Ne2 Be5 65. f3 Kd2 66. fxe4 fxe4 67. Ng1 Bc7 68. Ne2 Bb8 69. Ng1 Bh2 70. Ne2 e3 71. Nd4 Kd1 72. Ne2 Be5 73. Ng1 1/2-1/2

[Event "Ruhrgebiet VL1 0708"]
[Site "Germany"]
[Date "2008.01.20"]
[Round "5.1"]
[White "Burchert, Wolfgang"]
[Black "Martin, Andreas"]
[Result "1-0"]
[WhiteElo "2174"]
[BlackElo "2244"]
[PlyCount "71"]
[EventDate "2007.09.02"]
[EventType "team-tourn"]
[EventRounds "9"]
[EventCountry "GER"]
[SourceTitle "EXT 2009"]
[Source "ChessBase"]
[SourceDate "2008.11.26"]
[SourceVersion "1"]
[SourceVersionDate "2008.11.26"]
[SourceQuality "1"]
[WhiteTeam "Dortmund Hansa II"]
[BlackTeam "Heissen Stadtgr"]
[WhiteTeamCountry "GER"]
[BlackTeamCountry "GER"]

1. e4 e6 2. d4 d5 3. e5 c5 4. c3 Nc6 5. Nf3 Qb6 6. a3 c4 7. Nbd2 Bd7 8. b3 cxb3 9. Nxb3 f6 10. exf6 Nxf6 11. Bd3 Bd6 12. 0-0 0-0 13. c4 Qd8 14. Re1 dxc4 15. Bxc4 Nd5 16. Nc5 Na5 17. Bxd5 exd5 18. Bg5 Qc7 19. Be7 Rfe8 20. Bxd6 Qxd6 21. Nxd7 Qxd7 22. Ne5 Qd6 23. Qa4 b6 24. Rac1 Rec8 25. g3 h6 26. Rxc8+ Rxc8 27. Nd3 Qc6 28. Qb4 Re8 29. Rc1 Qb7 30. Qb5 Re4 31. Ne5 Kf8 32. Rc3 Re1+ 33. Kg2 Nc4 34. Rf3+ Kg8 35. Qe8+ Kh7 36. Rf8 1-0

[Event "Ruhrgebiet VK2 0405"]
[Site "Ruhrgebiet"]
[Date "2005.01.30"]
[Round "6.1"]
[White "Martin, Andreas"]
[Black "Banik, Thorsten"]
[Result "1/2-1/2"]
[WhiteElo "2192"]
[BlackElo "2037"]
[PlyCount "93"]
[EventDate "2004.09.12"]
[EventType "team-tourn"]
[EventRounds "9"]
[EventCountry "GER"]
[SourceTitle "EXT 2006"]
[Source "ChessBase"]
[SourceDate "2005.11.24"]
[SourceVersion "1"]
[SourceVersionDate "2005.11.24"]
[SourceQuality "1"]
[WhiteTeam "Muelheim Heissen"]
[BlackTeam "Ickern"]
[WhiteTeamCountry "GER"]
[BlackTeamCountry "GER"]

1. d4 Nf6 2. Nf3 g6 3. c4 Bg7 4. g3 0-0 5. Bg2 d5 6. cxd5 Nxd5 7. e4 Nb6 8. h3 c5 9. d5 f5 10. exf5 Rxf5 11. Nc3 Bxc3+ 12. bxc3 Qxd5 13. 0-0 Qxd1 14. Rxd1 Nc6 15. Be3 Nc4 16. Bf4 e5 17. Bc1 Kg7 18. Ng5 Nb6 19. Ne4 Na4 20. Be3 Be6 21. Bxc5 Rf7 22. Be3 Bf5 23. Nd6 Nxc3 24. Rd2 Re7 25. Rc1 Na4 26. Nxb7 Rxb7 27. Bxc6 Rc8 28. Rdd1 Rb4 29. Bg2 Rxc1 30. Rxc1 Rb1 31. Rxb1 Bxb1 32. a3 Nb6 33. Bc6 Bc2 34. Kf1 Nc4 35. Bc5 Bd3+ 36. Ke1 Kf6 37. Bd5 a5 38. f3 h5 39. Kf2 g5 40. Bf8 Nb6 41. Bc6 Kf7 42. Bc5 Nc4 43. g4 hxg4 44. hxg4 Ke6 45. Bf8 Kf7 46. Bc5 Ke6 47. Bf8 1/2-1/2

[Event "Ruhrgebiet VK2 0405"]
[Site "Ruhrgebiet"]
[Date "2004.11.07"]
[Round "3.1"]
[White "Martin, Andreas"]
[Black "Tschendel, Roland"]
[Result "1-0"]
[WhiteElo "2192"]
[BlackElo "1997"]
[PlyCount "60"]
[EventDate "2004.09.12"]
[EventType "team-tourn"]
[EventRounds "9"]
[EventCountry "GER"]
[SourceTitle "EXT 2006"]
[Source "ChessBase"]
[SourceDate "2005.11.24"]
[SourceVersion "1"]
[SourceVersionDate "2005.11.24"]
[SourceQuality "1"]
[WhiteTeam "Muelheim Heissen"]
[BlackTeam "Rochade Steele/Kray"]
[WhiteTeamCountry "GER"]
[BlackTeamCountry "GER"]

1. d4 d5 2. c4 e6 3. Nf3 Nf6 4. g3 c6 5. Nbd2 Bd6 6. Bg2 0-0 7. Qc2 Nbd7 8. 0-0 Re8 9. b3 Qe7 10. Bb2 Ba3 11. Bxa3 Qxa3 12. e4 dxe4 13. Nxe4 Nxe4 14. Qxe4 Qd6 15. Rad1 Nf6 16. Qe3 Bd7 17. Ne5 Rad8 18. g4 Bc8 19. g5 Nd7 20. c5 Qf8 21. f4 Nxe5 22. fxe5 Re7 23. Rf4 g6 24. Rdf1 Rc7 25. h4 b6 26. Rc1 Ba6 27. Kf2 h5 28. gxh6 Qxh6 29. Bf3 Rcd7 30. h5 Rxd4 1-0

[Event "Ruhrgebiet VK1 0304"]
[Site "Ruhrgebiet"]
[Date "2004.02.08"]
[Round "6.1"]
[White "Martin, Andreas"]
[Black "Curic, Drazen"]
[Result "1-0"]
[WhiteElo "2216"]
[BlackElo "2189"]
[PlyCount "105"]
[EventDate "2003.09.28"]
[EventType "team-tourn"]
[EventRounds "9"]
[EventCountry "GER"]
[SourceTitle "EXT 2007"]
[Source "ChessBase"]
[SourceDate "2006.11.23"]
[SourceVersion "1"]
[SourceVersionDate "2006.11.23"]
[SourceQuality "1"]
[WhiteTeam "Muelheim Heissen"]
[BlackTeam "Altenessen"]
[WhiteTeamCountry "GER"]
[BlackTeamCountry "GER"]

1. e4 c5 2. Nf3 e6 3. d3 d5 4. Nbd2 b6 5. c3 Nf6 6. a3 Be7 7. Be2 0-0 8. 0-0 a5 9. Re1 Ba6 10. e5 Nfd7 11. Bf1 Nc6 12. a4 Qc7 13. Qe2 Rae8 14. c4 f6 15. exf6 Bxf6 16. Nb3 Nb4 17. Bg5 e5 18. Bxf6 Rxf6 19. Qd1 Bb7 20. Nbd2 Ref8 21. cxd5 Nxd5 22. Ng5 Rg6 23. Nge4 Nf4 24. g3 Nf6 25. Kh1 Ng4 26. f3 Nh6 27. gxf4 Rxf4 28. Qb3+ Kh8 29. Be2 Nf5 30. Rg1 Nd4 31. Qd1 Rh6 32. Rg4 Qf7 33. Rxf4 Qxf4 34. Nf1 Rh3 35. Kg2 Bc8 36. Neg3 g5 37. Rb1 h5 38. Qe1 h4 39. Nh5 Qf5 40. Bd1 Rxf3 41. Nfg3 hxg3 42. Nxg3 Qf4 43. Bxf3 Qxf3+ 44. Kg1 Qf4 45. Qe4 Nf3+ 46. Kh1 Nd2 47. Qxf4 gxf4 48. Rd1 Bb7+ 49. Ne4 Nb3 50. Kg1 Bc6 51. Kf2 Kh7 52. Rg1 c4 53. Nf6+ 1-0

[Event "Ruhrgebiet VK1 0304"]
[Site "Ruhrgebiet"]
[Date "2003.09.28"]
[Round "1.1"]
[White "Martin, Andreas"]
[Black "Kunisch, Siegfried"]
[Result "1/2-1/2"]
[WhiteElo "2216"]
[BlackElo "2087"]
[PlyCount "96"]
[EventDate "2003.09.28"]
[EventType "team-tourn"]
[EventRounds "9"]
[EventCountry "GER"]
[SourceTitle "EXT 2007"]
[Source "ChessBase"]
[SourceDate "2006.11.23"]
[SourceVersion "1"]
[SourceVersionDate "2006.11.23"]
[SourceQuality "1"]
[WhiteTeam "Muelheim Heissen"]
[BlackTeam "Essen Listiger Bauer"]
[WhiteTeamCountry "GER"]
[BlackTeamCountry "GER"]

1. d4 Nf6 2. Nf3 g6 3. c4 Bg7 4. g3 c5 5. Nc3 0-0 6. d5 d6 7. Bg2 e5 8. 0-0 a6 9. Nd2 Ne8 10. e4 b5 11. f4 exf4 12. gxf4 Nd7 13. a4 b4 14. Ne2 f5 15. Ng3 fxe4 16. Ndxe4 h6 17. f5 Ne5 18. fxg6 Nf6 19. Qc2 Neg4 20. Bf4 Nxe4 21. Bxe4 Qh4 22. Ne2 Rxf4 23. Nxf4 Bd4+ 24. Kh1 Bf2 25. Nh3 Qxh3 26. Rxf2 Nxf2+ 27. Qxf2 Qd7 28. Rf1 Qe7 29. Qe3 Bg4 30. Qf4 Rf8 31. Qxf8+ Qxf8 32. Rxf8+ Kxf8 33. Bc2 Kg7 34. Kg2 a5 35. Kg3 b3 36. Bxb3 Bf5 37. Kf4 Kxg6 38. Bd1 Bd3 39. b3 Kf6 40. Ke3 Bf5 41. Kf4 Bg6 42. Bg4 Bc2 43. Bd7 Bd1 44. Bc6 Kf7 45. Kf5 Bxb3 46. Bb5 Bc2+ 47. Kg4 Kg6 48. Be8+ Kf6 1/2-1/2

[Event "Bern Ambassador op"]
[Site "Bern"]
[Date "1999.12.28"]
[Round "4"]
[White "Pavlovic, Milos"]
[Black "Martin, Andreas"]
[Result "1-0"]
[WhiteElo "2481"]
[BlackElo "2176"]
[PlyCount "69"]
[EventDate "1998.12.??"]
[EventType "swiss"]
[EventRounds "7"]
[EventCountry "SUI"]
[SourceTitle "EXT 2001"]
[Source "ChessBase"]
[SourceDate "2000.11.22"]
[SourceVersion "1"]
[SourceVersionDate "2000.11.22"]
[SourceQuality "1"]

1. e4 e6 2. d4 d5 3. Nc3 Bb4 4. e5 b6 5. a3 Bxc3+ 6. bxc3 Ne7 7. Qg4 Ng6 8. h4 h5 9. Qd1 Ba6 10. Bxa6 Nxa6 11. Bg5 Qd7 12. Ne2 Ne7 13. Nf4 g6 14. Bf6 Rg8 15. Qd3 Qa4 16. Bxe7 Kxe7 17. 0-0 Raf8 18. Nh3 Kd8 19. Ng5 Kc8 20. Rfe1 c5 21. Re3 c4 22. Qd2 Rh8 23. Rf3 Qd7 24. Rf6 Kd8 25. Qf4 Ke8 26. Re1 Nb8 27. Re3 Nc6 28. Rf3 Nd8 29. a4 Qc7 30. Qc1 Qe7 31. Qb2 Qd7 32. Qb4 Qe7 33. Qb5+ Qd7 34. Qxd7+ Kxd7 35. Nxf7 1-0

[Event "Schwarzach op-A"]
[Site "Schwarzach"]
[Date "1999.??.??"]
[Round "2"]
[White "Jurkovic, Hrvoje"]
[Black "Martin, Andreas"]
[Result "0-1"]
[WhiteElo "2370"]
[BlackElo "2160"]
[PlyCount "80"]
[EventDate "1999.08.??"]
[EventType "swiss"]
[EventRounds "9"]
[EventCountry "AUT"]
[SourceTitle "EXT 2000"]
[Source "ChessBase"]
[SourceDate "1999.11.16"]
[SourceVersion "1"]
[SourceVersionDate "1999.11.16"]
[SourceQuality "1"]

1. e4 e6 2. Nc3 d5 3. Nf3 Nf6 4. e5 Nfd7 5. d4 c5 6. dxc5 Nc6 7. Bf4 Be7 8. h4 Nxc5 9. h5 a6 10. Bd3 f5 11. exf6 Bxf6 12. h6 g6 13. Qe2 0-0 14. Ne5 Bxe5 15. Bxe5 d4 16. 0-0-0 dxc3 17. Bxc3 Qg5+ 18. Kb1 Nxd3 19. Rxd3 Qc5 20. Qe4 e5 21. Rd5 Bf5 22. Qxe5 Bxc2+ 23. Ka1 Nxe5 24. Rxc5 Nc6 25. f3 Bf5 26. Bg7 Rfd8 27. g4 Be6 28. Bf6 Rd3 29. Rf1 Re8 30. b3 Bd5 31. f4 Kf7 32. Bb2 Re2 33. f5 g5 34. Rcc1 Rdd2 35. Rcd1 Rxb2 36. Rxd5 Rxa2+ 37. Kb1 Na5 38. Rd7+ Ke8 39. Rd3 Reb2+ 40. Kc1 Nxb3+ 0-1

[Event "Ruhrgebiet VL1 9798"]
[Site "Ruhrgebiet"]
[Date "1998.??.??"]
[Round "?"]
[White "Kohlweyer, Bernd"]
[Black "Martin, Andreas"]
[Result "1-0"]
[WhiteElo "2430"]
[BlackElo "2215"]
[PlyCount "81"]
[EventDate "1997.??.??"]
[EventType "team-tourn"]
[EventRounds "9"]
[EventCountry "GER"]
[SourceTitle "EXT 2002"]
[Source "ChessBase"]
[SourceDate "2001.11.25"]
[SourceVersion "1"]
[SourceVersionDate "2001.11.25"]
[SourceQuality "1"]

1. c4 Nf6 2. Nc3 g6 3. e4 d6 4. d4 Bg7 5. Nge2 0-0 6. f3 c5 7. d5 a6 8. a4 e6 9. Ng3 exd5 10. cxd5 Nbd7 11. Be2 Qc7 12. 0-0 c4 13. Qc2 Ne5 14. Be3 h5 15. h3 Re8 16. a5 Bd7 17. Nh1 Bb5 18. Nf2 Ned7 19. Ra3 Rac8 20. f4 Nc5 21. Bf3 Qe7 22. Re1 Nfd7 23. Raa1 Bh6 24. g3 Nb3 25. Rad1 Bg7 26. e5 dxe5 27. d6 Qd8 28. Bxb7 Nxa5 29. Bxc8 Qxc8 30. f5 Bc6 31. fxg6 Nf6 32. gxf7+ Kxf7 33. Bg5 Nb3 34. Bxf6 Bxf6 35. Qh7+ Ke6 36. Qxh5 Rg8 37. Nfe4 Qb7 38. Qe2 Bd8 39. Qxc4+ Kd7 40. Qxg8 Bb6+ 41. Kh2 1-0

[Event "Seefeld op 09th"]
[Site "Seefeld"]
[Date "1998.??.??"]
[Round "2"]
[White "Martin, Andreas"]
[Black "Kuporosov, Viktor"]
[Result "1/2-1/2"]
[WhiteElo "2215"]
[BlackElo "2500"]
[PlyCount "121"]
[EventDate "1998.09.12"]
[EventType "swiss"]
[EventRounds "9"]
[EventCountry "AUT"]
[SourceTitle "EXT 2000"]
[Source "ChessBase"]
[SourceDate "1999.11.16"]
[SourceVersion "1"]
[SourceVersionDate "1999.11.16"]
[SourceQuality "1"]

1. d4 Nf6 2. Nf3 d5 3. c4 c6 4. cxd5 cxd5 5. Nc3 Nc6 6. Bf4 e6 7. e3 Nh5 8. Bg5 Qb6 9. Rb1 h6 10. Bh4 g5 11. Nd2 Ng7 12. Bg3 Nf5 13. Bd3 Nxg3 14. hxg3 Bg7 15. a3 Qd8 16. f4 Bd7 17. Nf3 Qe7 18. b4 Rc8 19. Qd2 g4 20. Ne5 Nxe5 21. dxe5 f6 22. exf6 Qxf6 23. Ne2 h5 24. e4 dxe4 25. Bxe4 b6 26. Qe3 h4 27. Rxh4 Rxh4 28. gxh4 Qxh4+ 29. g3 Qf6 30. Rd1 Ba4 31. Rd2 Bb5 32. Bd3 Ba4 33. Nd4 Kf7 34. Re2 Bd7 35. Bb5 Qxd4 36. Qxd4 Bxd4 37. Bxd7 Rc3 38. Bxe6+ Kf6 39. Bxg4 Rxg3 40. Bd7 Rxa3 41. b5 Be3 42. Rc2 Bxf4 43. Bc6 Ke5 44. Rc4 Be3 45. Ke2 Kd6 46. Be4 Bc5 47. Bd3 Kd5 48. Rg4 Ra2+ 49. Kd1 Bd4 50. Rg5+ Be5 51. Rg4 Rh2 52. Kc1 Rf2 53. Kd1 Bf4 54. Be2 Kd4 55. Rg7 Bb8 56. Rb7 Rf8 57. Rh7 Kc3 58. Rh3+ Kb2 59. Bc4 Rd8+ 60. Rd3 Rxd3+ 61. Bxd3 1/2-1/2

[Event "Seefeld op 09th"]
[Site "Seefeld"]
[Date "1998.??.??"]
[Round "3"]
[White "Welker, Michael"]
[Black "Martin, Andreas"]
[Result "1/2-1/2"]
[WhiteElo "2130"]
[BlackElo "2215"]
[PlyCount "146"]
[EventDate "1998.09.12"]
[EventType "swiss"]
[EventRounds "9"]
[EventCountry "AUT"]
[SourceTitle "EXT 2000"]
[Source "ChessBase"]
[SourceDate "1999.11.16"]
[SourceVersion "1"]
[SourceVersionDate "1999.11.16"]
[SourceQuality "1"]

1. c4 Nf6 2. Nc3 g6 3. e4 d6 4. d4 Bg7 5. Be2 0-0 6. Be3 Na6 7. g4 c5 8. g5 Nd7 9. Qd2 Nc7 10. 0-0-0 Ne6 11. Nf3 a6 12. Kb1 Re8 13. h4 Qa5 14. Nd5 Qxd2 15. Rxd2 Rb8 16. Nc3 b6 17. Rc1 Ndf8 18. Ka1 Rb7 19. Bf1 Bd7 20. Bg2 Rbb8 21. d5 Nc7 22. Bf4 Red8 23. e5 Bf5 24. Ne2 b5 25. Ng3 bxc4 26. Nxf5 gxf5 27. h5 e6 28. exd6 Nxd5 29. Be5 Nd7 30. Bxg7 Kxg7 31. Rxc4 Rb6 32. Nh4 Rxd6 33. Bxd5 Rxd5 34. Rxd5 exd5 35. Nxf5+ Kf8 36. Rf4 Ne5 37. Kb1 Rb8 38. Nh6 Rxb2+ 39. Ka1 Re2 40. Rf5 Ke7 41. Kb1 Ke6 42. Rf6+ Ke7 43. f4 Nd3 44. Rxf7+ Ke8 45. a3 c4 46. g6 hxg6 47. hxg6 c3 48. Rc7 Rb2+ 49. Ka1 c2 50. Rxc2 Rxc2 51. g7 Rg2 52. g8Q+ Rxg8 53. Nxg8 Nxf4 54. Nf6+ Ke7 55. Ng4 Ke6 56. Kb2 Kf5 57. Nf2 Ke5 58. Kc3 Kd6 59. Kb4 Kc6 60. Ka5 Kb7 61. a4 Ka7 62. Nd3 Ne6 63. Nb4 d4 64. Nd3 Kb7 65. Kb4 Kc6 66. Kc4 a5 67. Nc1 Nc5 68. Kxd4 Kb6 69. Kc4 Nxa4 70. Nb3 Nb2+ 71. Kc3 Nd1+ 72. Kd2 a4 73. Kxd1 axb3 1/2-1/2

[Event "Schwarzach op-A"]
[Site "Schwarzach"]
[Date "1997.08.30"]
[Round "8.14"]
[White "Kjeld, Matthias"]
[Black "Martin, Andreas"]
[Result "1/2-1/2"]
[WhiteElo "2100"]
[BlackElo "2215"]
[PlyCount "82"]
[EventDate "1997.08.23"]
[EventType "swiss"]
[EventRounds "9"]
[EventCountry "AUT"]
[SourceTitle "EXT 1999"]
[Source "ChessBase"]
[SourceDate "1998.11.16"]
[SourceVersion "1"]
[SourceVersionDate "1998.11.16"]
[SourceQuality "1"]

1. d4 Nf6 2. c4 g6 3. Nf3 Bg7 4. g3 0-0 5. Bg2 d6 6. Nc3 Nc6 7. e4 Bg4 8. Be3 Nd7 9. Qd2 e5 10. d5 Bxf3 11. Bxf3 Nd4 12. Bg2 c5 13. 0-0 f5 14. f4 a6 15. Kh1 Rb8 16. Ne2 b5 17. cxb5 Rxb5 18. fxe5 Nxe2 19. Qxe2 Nxe5 20. exf5 gxf5 21. Rab1 Ng4 22. Bf4 Re8 23. Qc2 Qf6 24. h3 Ne5 25. Rbe1 Qg6 26. b3 Rf8 27. Re2 Rb7 28. Ref2 Rbf7 29. a3 Rb8 30. b4 c4 31. Bxe5 Bxe5 32. g4 Rbf8 33. Qxc4 fxg4 34. Rxf7 Rxf7 35. Qxg4 Qxg4 36. hxg4 Rc7 37. Be4 Rc3 38. Rf3 Rc1+ 39. Kg2 Ra1 40. Bd3 Bb2 41. Bxa6 Rxa3 1/2-1/2